Liverpool scorers in Premier League 2014-2015 - Statistics

General Stats
  • This quiz has been taken 462 times
    412 since last reset
  • The average score is 10 of 15
Answer Stats
Player Goals % Correct
Steven Gerrard 9
90%
Daniel Sturridge 4
88%
Philippe Coutinho 5
85%
Jordan Henderson 6
84%
Raheem Sterling 7
81%
Martin Skrtel 1
76%
Adam Lallana 5
70%
Alberto Moreno 2
68%
Mario Balotelli 1
63%
Rickie Lambert 2
61%
Emre Can 1
54%
Glen Johnson 1
52%
Joe Allen 1
48%
Lazar Markovic 2
45%
Fabio Borini 1
41%
No matching quizzes found
Score Distribution
Percent of People with Each Score
Percentile by Number Answered
Your Score History
You have not taken this quiz since the last reset